| 000 | 01080cam a2200289 a 4500 | ||
|---|---|---|---|
| 999 |
_c26745 _d26745 |
||
| 001 | 3073126 | ||
| 005 | 20170206104521.0 | ||
| 008 | 971017s1998 caua 001 0 eng | ||
| 010 | _a 97044777 | ||
| 020 | _a1571200401 | ||
| 040 |
_aDLC _cDLC _dDLC |
||
| 043 | _an-us--- | ||
| 050 | 0 | 0 |
_aNK9198 _b .J26M53 1998 |
| 245 | 0 | 0 |
_aMichael James : _bart & inspirations/ _cMichael James |
| 260 |
_aLafayette, Calif. : _bC&T Pub., _cc1998. |
||
| 300 |
_a144 p. : _bcol. ill. ; _c28 cm. |
||
| 500 | _aIncludes index. | ||
| 600 | 1 | 0 |
_aJames, Michael, _d1949- _xCriticism and interpretation. |
| 650 | 0 |
_aQuilts _zUnited States _xHistory _y20th century. |
|
| 700 | 1 | _aJames, Michael | |
| 942 |
_2lcc _cBOOKS _hNK9198 .J26M53 1998 |
||